000 00525nam a2200181Ia 4500
001 18860
005 20260306171701.0
008 260306s9999||||xx |||||||||||||| ||und||
041 _aESP
082 _a658.503
_bC78
100 _aCortés Fibla, Raúl
_eAUT
245 0 _aEjercicios resueltos de planificación y getión de sistemas de producción para ingenieros de organización industrial
260 _c2011
300 _axxii, 356 páginas :
_c24 cm.
650 _aGEN
654 _aCAN
942 _cLIB
_dJUS
_fJUS
_2ddc
_n
999 _c18860
_d18860